[Event "AUTO-ADV-1392"]
[Site "http://www.queenalice.com/game.php?id=694967"]
[Date "2009.12.9"]
[Round "2"]
[White "GuaRDiaN"]
[Black "Endy"]
[Result "1-0"]
[WhiteElo "2032"]
[BlackElo "1884"]

1. Nf3 e6 2. d4 h6 3. e4 d5 4. Nbd2 Nf6 5. e5 Nfd7 6. Nb3 c6 7. Bd3 Be7 8. O-O
a6 9. Ne1 Nb6 10. Qg4 g5 11. Qh5 Kd7 12. Nc5+ Bxc5 13. dxc5 Na4 14. f4 Nxc5 15.
fxg5 hxg5 16. Rxf7+ 1-0

[Event "AUTO-ADV-1392"]
[Site "http://www.queenalice.com/game.php?id=694968"]
[Date "2009.12.9"]
[Round "2"]
[White "Endy"]
[Black "rheenz"]
[Result "0-1"]
[WhiteElo "1919"]
[BlackElo "2352"]

1. d4 Nf6 2. e3 d5 3. h3 Bf5 4. Bd3 e6 5. a3 Nbd7 6. Bxf5 exf5 7. Nc3 c6 8. Qf3
g6 9. Bd2 Bg7 10. Nge2 O-O 11. g4 Ne4 12. gxf5 Nxd2 13. Kxd2 Nf6 14. Ng3 c5 15.
Rad1 cxd4 16. exd4 Bh6+ 17. Ke1 Qb6 18. Nge2 Rad8 19. b4 g5 20. Rg1 Rfe8 21. Kf1
Qc6 22. Rd3 Kh8 23. Ng3 Rc8 24. Kg2 a6 25. a4 b5 26. a5 Bf8 27. Rb1 Bd6 28. Rb3
Re1 29. Kh2 h5 30. Nxd5 Qxd5 31. Qxd5 Nxd5 32. c3 h4 33. Rf3 hxg3+ 34. fxg3 Bxb4
35. g4 Bxa5 36. Ra3 Re2+ 37. Kg3 Bc7+ 0-1

[Event "AUTO-ADV-1392"]
[Site "http://www.queenalice.com/game.php?id=694969"]
[Date "2009.12.9"]
[Round "2"]
[White "rheenz"]
[Black "Endy"]
[Result "1-0"]
[WhiteElo "2312"]
[BlackElo "1940"]

1. Nf3 d5 2. g3 Nf6 3. Bg2 e6 4. O-O Bc5 5. d4 Bb6 6. Bg5 h6 7. Bxf6 Qxf6 8. c4
O-O 9. c5 Ba5 10. Qa4 b6 11. b4 Bd7 12. Qb3 Bxb4 13. Qxb4 a5 14. Qc3 b5 15. Ne5
c6 16. Nd2 b4 17. Qb2 Bc8 18. a3 Nd7 19. axb4 Nxe5 20. dxe5 Qg6 21. Rxa5 Bb7 22.
e4 Rxa5 23. bxa5 Ba6 24. Re1 Bb5 25. exd5 exd5 26. Bxd5 Qd3 27. Ba2 Rd8 28. e6
fxe6 29. Rxe6 Bc4 30. Bxc4 Qxd2 31. Re7+ 1-0

[Event "AUTO-MASTER-988"]
[Site "http://www.queenalice.com/game.php?id=700449"]
[Date "2009.12.19"]
[Round "1"]
[White "MineirinhoCQ"]
[Black "Endy"]
[Result "1-0"]
[WhiteElo "1990"]
[BlackElo "1836"]

1. d4 d5 2. c4 e6 3. Nf3 Nf6 4. c5 Nc6 5. Bf4 Nb4 6. a3 Nc6 7. Nc3 a6 8. Qc2 h6
9. h3 Be7 10. e4 g5 11. Bd2 Nxd4 12. Nxd4 Bxc5 13. Nb3 Ba7 14. e5 Nd7 15. Ne2
Nxe5 16. Bc3 f6 17. Bxe5 fxe5 18. Qg6+ Kd7 19. Qg7+ Kc6 20. Qxe5 b6 21. Ned4+
Kb7 22. g3 Rf8 23. Bg2 Qf6 24. Qxf6 Rxf6 25. O-O Bd7 26. Rfe1 c6 27. Re2 c5 28.
Nc2 Raf8 29. Ne3 Bc6 30. Ng4 Rg6 31. Ne5 Rgf6 32. Nxc6 Kxc6 33. Rae1 Kd6 34. Nc1
c4 35. Kh2 b5 36. f3 Bd4 37. Na2 e5 38. Nc3 1-0

[Event "AUTO-MASTER-988"]
[Site "http://www.queenalice.com/game.php?id=700450"]
[Date "2009.12.19"]
[Round "1"]
[White "Endy"]
[Black "MineirinhoCQ"]
[Result "0-1"]
[WhiteElo "1847"]
[BlackElo "1979"]

1. d4 d5 2. e3 c5 3. Nc3 Nf6 4. Bb5+ Bd7 5. Bxd7+ Nbxd7 6. Nf3 cxd4 7. Qxd4 e6
8. a3 Bc5 9. Qa4 O-O 10. b4 Bd6 11. Nd4 a6 12. Nce2 Be5 13. c3 Nb6 14. Qa5 Nc4
15. Qxd8 Raxd8 16. O-O Ne4 17. f3 Nf6 18. f4 Bc7 19. Nc2 Rfe8 20. a4 e5 21. f5
Bb6 22. a5 Ba7 23. Ng3 Ng4 24. h3 Ngxe3 25. Nxe3 Nxe3 26. Bxe3 Bxe3+ 27. Kh1 f6
28. Rf3 Ba7 29. Nh5 d4 30. Rg3 Re7 31. Nxf6+ Kh8 32. Ne4 d3 33. f6 gxf6 34. Nxf6
e4 35. Rf1 d2 36. Rd1 e3 37. Nxh7 Kxh7 0-1

[Event "AUTO-MASTER-988"]
[Site "http://www.queenalice.com/game.php?id=700465"]
[Date "2009.12.19"]
[Round "1"]
[White "GMcruz"]
[Black "Endy"]
[Result "0-1"]
[WhiteElo "2132"]
[BlackElo "1918"]

1. d4 d5 2. e4 dxe4 3. f3 exf3 4. Nxf3 Bg4 5. Bc4 Bxf3 6. Qxf3 e6 7. c3 c6 8.
O-O Qf6 9. Qg3 Qe7 10. Bg5 Nf6 11. Nd2 h6 12. Bxf6 gxf6 13. Ne4 f5 14. Nd6+ Qxd6
0-1

[Event "AUTO-MASTER-988"]
[Site "http://www.queenalice.com/game.php?id=700466"]
[Date "2009.12.19"]
[Round "1"]
[White "Endy"]
[Black "GMcruz"]
[Result "0-1"]
[WhiteElo "1724"]
[BlackElo "2043"]

1. d4 d5 2. e3 Nf6 3. Bd3 c5 4. Bb5+ Bd7 5. Bxd7+ Nbxd7 6. Nf3 e6 7. O-O Bd6 8.
Nc3 O-O 9. a3 Rc8 10. Nb5 Bb8 11. Nc3 a6 12. b4 cxb4 13. Na4 Qc7 14. axb4 Qxc2
15. Qxc2 Rxc2 16. Ba3 b6 17. b5 axb5 18. Bxf8 Kxf8 19. Nxb6 Nxb6 20. Ra6 Nfd7
21. Ne5 b4 22. Nxd7+ Nxd7 23. Rb1 b3 24. g3 b2 25. Kg2 e5 26. Ra2 exd4 27. exd4
Rd2 28. Raxb2 Rxd4 29. Rb7 Ke7 30. Re1+ Re4 31. Rd1 Kd6 32. f3 Re2+ 33. Kh3 Bc7
34. Rb5 Nf6 35. Rd4 Kc6 36. Rb3 Kc5 37. Rdb4 d4 38. Rb5+ Kc6 0-1

[Event "AUTO-MASTER-988"]
[Site "http://www.queenalice.com/game.php?id=700477"]
[Date "2009.12.19"]
[Round "1"]
[White "Endy"]
[Black "Lopesq"]
[Result "0-1"]
[WhiteElo "1810"]
[BlackElo "1850"]

1. d4 d5 2. e3 Bf5 3. Nc3 c6 4. Bd3 Bxd3 5. Qxd3 Nf6 6. Nf3 e6 7. a3 Nbd7 8. b4
Be7 9. e4 dxe4 10. Nxe4 h6 11. c4 Nxe4 12. Qxe4 Nf6 13. Qd3 Qc7 14. c5 Nd5 15.
Ne5 Bf6 16. Bb2 Nf4 17. Qf3 Nd5 18. O-O O-O 19. Rae1 a5 20. Ng4 axb4 21. axb4
Ra2 22. Nxf6+ Nxf6 23. Bc1 Ra4 24. Ba3 Nd5 25. Rb1 b5 26. Rb3 Qe7 27. Re1 Qf6
28. Qxf6 Nxf6 29. f3 Nd5 30. Kf2 Re8 31. g3 Rea8 32. Ra1 Nxb4 33. Rxb4 Rxa3 34.
Rxa3 Rxa3 35. g4 Ra4 36. Rb3 Rxd4 37. Ke3 Ra4 38. Kd3 Kf8 39. h4 Rf4 40. Ke3 e5
41. h5 Ke7 42. Rd3 Rd4 43. Rxd4 exd4+ 44. Kxd4 Ke6 45. f4 f5 46. g5 hxg5 0-1

[Event "AUTO-MASTER-988"]
[Site "http://www.queenalice.com/game.php?id=700478"]
[Date "2009.12.19"]
[Round "1"]
[White "Lopesq"]
[Black "Endy"]
[Result "1-0"]
[WhiteElo "1834"]
[BlackElo "1826"]

1. Nf3 d5 2. d4 h6 3. Bf4 e6 4. c3 Nf6 5. e3 Bd6 6. Bxd6 Qxd6 7. Ne5 a6 8. Nd2
Qe7 9. Ndf3 b5 10. a3 Nbd7 11. Be2 Nxe5 12. Nxe5 Bb7 13. O-O Ne4 14. Bh5 Rf8 15.
Qg4 g5 16. Rad1 O-O-O 17. Nxf7 Rxf7 18. Bxf7 Qxf7 19. Qe2 h5 20. f3 Nd6 21. b3
h4 22. h3 Nf5 23. Qf2 Ng3 24. Rfe1 Rf8 25. a4 Ne4 26. Qc2 Nd6 27. a5 Bc6 28. Rf1
Nf5 29. Qf2 Qf6 30. b4 Ng3 31. Rfe1 Ne4 32. Qc2 Nd6 33. Rf1 Nc4 34. Qe2 Qh6 35.
f4 gxf4 36. exf4 Rxf4 37. Rxf4 Qxf4 38. Qxe6+ Kb7 39. Kh1 Ne3 40. Re1 Nf1 41.
Kg1 Nd2 42. Qe3 Qxe3+ 43. Rxe3 Ne4 44. Rf3 Bd7 45. Rf7 Bc8 46. Rh7 1-0

[Event "AUTO-MASTER-1002"]
[Site "http://www.queenalice.com/game.php?id=708103"]
[Date "2010.1.4"]
[Round "1"]
[White "arrabi"]
[Black "Endy"]
[Result "1-0"]
[WhiteElo "2024"]
[BlackElo "1757"]

1. e4 Nc6 2. Bc4 e6 3. a4 a6 4. c3 Nf6 5. d3 h6 6. Nf3 d5 7. exd5 Nxd5 8. O-O
Be7 9. b4 Na7 10. Qb3 c6 11. Be3 b5 12. axb5 cxb5 13. Bxd5 Qxd5 14. c4 Qc6 15.
c5 Bb7 16. Nbd2 g5 17. Ne4 f5 18. Ne5 Qd5 19. Nd6+ Bxd6 20. Qxd5 Bxd5 21. cxd6
O-O 22. Rxa6 Bb7 23. Rxa7 Rxa7 24. Bxa7 Rd8 25. d7 f4 26. Bb6 Rb8 27. d8=Q+ Rxd8
28. Bxd8 Kf8 29. Nd7+ Ke8 30. Nc5 Bxg2 31. Kxg2 Kxd8 32. Nxe6+ Kd7 33. Nd4 Kd6
34. Nxb5+ 1-0

[Event "AUTO-MASTER-1002"]
[Site "http://www.queenalice.com/game.php?id=708104"]
[Date "2010.1.4"]
[Round "1"]
[White "Endy"]
[Black "arrabi"]
[Result "0-1"]
[WhiteElo "1763"]
[BlackElo "2018"]

1. d4 d5 2. e3 a6 3. h3 h5 4. Be2 Nc6 5. Bxh5 Nf6 6. Bf3 Bf5 7. Nc3 e6 8. a3 g5
9. g4 Bg6 10. Bg2 Qd7 11. Nge2 O-O-O 12. b4 Na7 13. Ng3 Nb5 14. Nce2 Qc6 15. Bb2
Qxc2 16. Qxc2 Bxc2 17. Rc1 Bd3 18. f3 Nd6 19. Kf2 Nc4 20. Rxc4 dxc4 21. Bc3 b5
22. d5 Bg7 23. dxe6 fxe6 24. Nd4 Nd5 25. Rc1 Be5 26. Nxe6 Nxc3 27. Nxd8 Bxg3+
28. Kxg3 Ne2+ 29. Kf2 Nxc1 30. Nf7 Rg8 31. f4 gxf4 32. exf4 Rf8 0-1

[Event "AUTO-MASTER-1002"]
[Site "http://www.queenalice.com/game.php?id=708117"]
[Date "2010.1.4"]
[Round "1"]
[White "michas"]
[Black "Endy"]
[Result "1-0"]
[WhiteElo "1788"]
[BlackElo "1779"]

1. h4 d5 2. h5 h6 3. d4 e6 4. e3 Nf6 5. c4 Bb4+ 6. Bd2 Bxd2+ 7. Qxd2 Ne4 8. Qc2
f5 9. Nc3 a6 10. Nxe4 fxe4 11. Nh3 O-O 12. Nf4 c6 13. cxd5 exd5 14. Ng6 Rf6 15.
O-O-O Bf5 16. Ne5 Nd7 17. Nxd7 Qxd7 18. Rh4 Raf8 19. Rf4 Bg4 20. Be2 Bxe2 21.
Rxf6 Rxf6 22. Qxe2 Qf7 23. Rf1 Rf5 24. g4 Rf3 25. Kd1 Qe6 26. Rg1 Qf7 27. Ke1 b6
28. Rg3 Rf6 29. Qxa6 1-0

[Event "AUTO-MASTER-1002"]
[Site "http://www.queenalice.com/game.php?id=708118"]
[Date "2010.1.4"]
[Round "1"]
[White "Endy"]
[Black "michas"]
[Result "0-1"]
[WhiteElo "1796"]
[BlackElo "1771"]

1. d4 h5 2. h3 h4 3. Bf4 d5 4. e3 Bf5 5. Nf3 Nf6 6. Ne5 Nbd7 7. c3 Nxe5 8. Bxe5
e6 9. Bd3 Bxd3 10. Qxd3 c6 11. Nd2 Bd6 12. Bxd6 Qxd6 13. Nf3 Ne4 14. Ne5 O-O 15.
O-O c5 16. f4 Ng3 17. Rf3 c4 18. Qc2 b5 19. a3 Rfc8 20. Ng4 a6 21. Ne5 Qe7 22.
Ng4 f5 23. Nh2 g5 24. fxg5 Qxg5 25. Re1 Ne4 26. Nf1 Kh7 27. Re2 Rg8 28. Qc1 Ng3
0-1

[Event "AUTO-MASTER-1002"]
[Site "http://www.queenalice.com/game.php?id=708125"]
[Date "2010.1.4"]
[Round "1"]
[White "mad_knight"]
[Black "Endy"]
[Result "1-0"]
[WhiteElo "2192"]
[BlackElo "1728"]

1. e4 Nc6 2. Nf3 e6 3. d4 d5 4. e5 h6 5. Be3 Nge7 6. Bb5 a6 7. Bd3 Ng6 8. O-O
Be7 9. Bxg6 fxg6 10. Qd3 Nb4 11. Qxg6+ Kd7 12. a3 Nxc2 13. Qxc2 c6 14. Nc3 g5
15. Rac1 g4 16. Nd2 h5 17. Na4 Qc7 18. Nc5+ Bxc5 19. Qxc5 b6 20. Qc2 Bb7 21. b4
Rac8 22. a4 b5 23. Bg5 Rce8 24. Bf6 Rhf8 25. axb5 axb5 26. Nb3 1-0

[Event "AUTO-MASTER-1002"]
[Site "http://www.queenalice.com/game.php?id=708126"]
[Date "2010.1.4"]
[Round "1"]
[White "Endy"]
[Black "mad_knight"]
[Result "0-1"]
[WhiteElo "1726"]
[BlackElo "2193"]

1. d4 d5 2. e3 Nf6 3. Bd3 c5 4. Bb5+ Bd7 5. Bxd7+ Nbxd7 6. Nf3 cxd4 7. Qxd4 e6
8. a3 Bc5 9. Qd3 e5 10. Qc3 d4 11. Qb3 dxe3 12. Bxe3 O-O 13. Nxe5 Bxe3 14. Qxe3
Nxe5 15. O-O Neg4 16. Qf3 Qc7 17. g3 Qxc2 18. b4 Rfe8 19. Qxb7 Qb2 20. Nd2 Qxd2
21. Rad1 Qe2 22. Rde1 Qxe1 23. Rxe1 Rxe1+ 24. Kg2 Rae8 25. Qxa7 R1e2 0-1

[Event "Challenge"]
[Site "http://www.queenalice.com/game.php?id=726677"]
[Date "2010.2.6"]
[Round "-"]
[White "solo"]
[Black "Endy"]
[Result "1-0"]
[WhiteElo "1795"]
[BlackElo "1752"]

1. e4 e6 2. d4 d5 3. e5 Ne7 4. Bg5 h6 5. Bxe7 Bxe7 6. Qg4 O-O 7. Bd3 f5 8. exf6
Rxf6 9. Qd1 Nc6 10. c3 Qf8 11. Nf3 e5 12. O-O Bg4 13. Be2 e4 14. Nfd2 Bxe2 15.
Qxe2 Bd6 16. f3 exf3 17. Rxf3 Rxf3 18. Qxf3 Qxf3 19. Nxf3 Re8 20. Nbd2 Bf4 21.
Rd1 1-0

[Event "Challenge"]
[Site "http://www.queenalice.com/game.php?id=731140"]
[Date "2010.2.13"]
[Round "-"]
[White "Gerd"]
[Black "Endy"]
[Result "1-0"]
[WhiteElo "1750"]
[BlackElo "1715"]

1. d4 e6 2. a3 d5 3. e3 Nc6 4. Bb5 a6 5. Nf3 Bd6 6. b4 axb5 7. Nc3 Na7 8. e4 Ne7
9. e5 Bxe5 10. Nxe5 O-O 11. O-O 1-0

[Event "Challenge"]
[Site "http://www.queenalice.com/game.php?id=731142"]
[Date "2010.2.13"]
[Round "-"]
[White "Endy"]
[Black "Gerd"]
[Result "0-1"]
[WhiteElo "1700"]
[BlackElo "1765"]

1. f4 d5 2. d4 e6 3. e3 Nf6 4. Nf3 Bd6 5. Bb5+ c6 6. Ba4 Qa5+ 7. c3 b5 8. Bc2 b4
9. Bd2 bxc3 10. Nxc3 Qd8 0-1

[Event "Challenge"]
[Site "http://www.queenalice.com/game.php?id=731143"]
[Date "2010.2.13"]
[Round "-"]
[White "Endy"]
[Black "Gerd"]
[Result "0-1"]
[WhiteElo "1747"]
[BlackElo "1806"]

1. d4 d5 2. e3 c6 3. Bd3 Nf6 4. Ne2 Bg4 5. h3 Bxe2 6. Qxe2 e6 7. a3 Bd6 8. Nc3
Nbd7 9. Bd2 O-O 10. e4 dxe4 11. Bxe4 Nxe4 12. Qxe4 f5 0-1